Szczegóły MARC21

Edukacja artystyczna : dylematy teorii i praktyki /

003 -Nazwa inst., której nr kontr. jest w polu 001 [,]
    • @
    • Nazwa instytucji, której n kontrolny jest w polu 001
    • NUKAT
005 -DATA I CZAS OSTATNIEJ MODYFIKACJI [,]
    • @
    • pole kontrolne
    • 20241231094520.0
020 -Międzynarod. znormalizowany nr książki - ISBN [ , ]
    • a
    • Numer ISBN
    • 9788376143019 Find
    • q
    • Dopowiedzenie
    • AIK
020 -Międzynarod. znormalizowany nr książki - ISBN [ , ]
    • a
    • Numer ISBN
    • 9788327713360 Find
    • q
    • Dopowiedzenie
    • WAM
040 -Instytucja sporządzająca opis [ , ]
    • a
    • Instytucja, która sporządziła opis (NP)
    • KAT U/MP
    • b
    • Język katalogowania
    • pol
    • e
    • Zasady katalogowania
    • rda
    • c
    • Instytucja, która sporządziła rekord (NP)
    • KAT U/MPs
    • d
    • Instytucja, która zmodyfikowała rekord (P)
    • KAT U/DL
    • d
    • Instytucja, która zmodyfikowała rekord (P)
    • KR 283/MW
    • d
    • Instytucja, która zmodyfikowała rekord (P)
    • SZCZ U/JS
    • d
    • Instytucja, która zmodyfikowała rekord (P)
    • SZCZ U/MC
041 -Język dokumentu [0, ]
    • a
    • Język tekstu (P)
    • polski
    • b
    • Język streszczeń lub abstraktu (P)
    • angielski
942 -Rodzaj dokumentu [ , ]
    • c
    • Rodzaj dokumentu
    • Książka
245 -Strefa tytułu i oznaczenia odpowiedzialności [0,0]
    • a
    • Tytuł
    • Edukacja artystyczna : Find
    • b
    • Ciąg dalszy tytułu (NP)
    • dylematy teorii i praktyki / Find
    • c
    • Pozostałe elementy strefy tytułu i oznaczenia odpowiedzialności (NP)
    • redakcja Małgorzata Lubieniecka, Paweł Herod.
260 -Strefa adresu wydawniczego [ , ]
    • a
    • Miejsce wydania (P)
    • Kraków :
    • b
    • Nazwa wydawcy (P)
    • Wydawnictwo Naukowe Akademii Ignatianum :
    • b
    • Nazwa wydawcy (P)
    • Wydawnictwo WAM,
    • c
    • Data wydania (P)
    • 2017.
300 -Strefa opisu fizycznego [ , ]
    • a
    • Określenie formy książki i/lub objętość (NP)
    • 362 strony :
    • b
    • Oznaczenie ilustracji (NP)
    • ilustracje (w tym kolorowe) ;
    • c
    • Format (NP)
    • 24 cm.
336 -Typ zawartości [ , ]
    • a
    • Termin opisujący typ zawartości
    • Tekst
    • b
    • Kod określający zawartość
    • txt
    • 2
    • Źródło (terminu i kodu)
    • rdacontent
337 -Typ mediów [ , ]
    • a
    • Tryb odtwarzania
    • Bez urządzenia pośredniczącego
    • b
    • Kod typu mediów
    • n
    • 2
    • Źródło (terminu i kodu)
    • rdamedia
338 -Typ/rodzaj nośnika [ , ]
    • a
    • Hasło opisujące typ nośnika
    • Wolumin
    • b
    • Kod typu nośnika
    • nc
    • 2
    • Źródło (terminu i kodu)
    • rdacarrier
504 -Uwaga dot. bibliogr. załącznikowej [ , ]
    • a
    • Uwaga dot. bibliografii załącznikowej
    • Bibliografia przy artykułach.
536 -Uwaga dot. finansowania książki [ , ]
    • a
    • Tekst uwagi
    • Publikacja dofinansowana ze środków przeznaczonych na działalność statutową Wydziału Pedagogicznego Akademii Ignatianum w Krakowie.
546 -Uwaga dot. języka [ , ]
    • a
    • Uwaga dot. języka
    • Zawiera streszczenia oraz spis treści również w języku angielskim.
650 -Hasło przedmiotowe [ ,7]
    • a
    • Hasło przedmiotowe
    • Sztuki
    • x
    • Określnik rzeczowy
    • studia i nauczanie.
    • 2
    • Źródło terminu
    • kaba
    • 9
    • KHW
    • 132441
650 -Hasło przedmiotowe [ ,7]
    • a
    • Hasło przedmiotowe
    • Sztuka
    • x
    • Określnik rzeczowy
    • studia i nauczanie (początkowe).
    • 2
    • Źródło terminu
    • kaba
    • 9
    • KHW
    • 465293
650 -Hasło przedmiotowe [ ,7]
    • a
    • Hasło przedmiotowe
    • Kreatywność
    • x
    • Określnik rzeczowy
    • studia i nauczanie.
    • 2
    • Źródło terminu
    • kaba
    • 9
    • KHW
    • 379975
650 -Hasło przedmiotowe [ ,7]
    • a
    • Hasło przedmiotowe
    • Myślenie twórcze (edukacja)
    • x
    • Określnik rzeczowy
    • studia i nauczanie.
    • 2
    • Źródło terminu
    • kaba
    • 9
    • KHW
    • 383519
650 -Hasło przedmiotowe [ ,7]
    • a
    • Hasło przedmiotowe
    • Muzyka
    • x
    • Określnik rzeczowy
    • studia i nauczanie.
    • 2
    • Źródło terminu
    • kaba
    • 9
    • KHW
    • 120149
700 -Hasło dodatkowe - nazwa osobowa [1, ]
    • a
    • Nazwa osobowa (NP)
    • Lubieniecka, Małgorzata Find
    • d
    • Daty biograficzne (NP)
    • (1974- ).
    • e
    • Określenie rodzaju współpracy
    • Redakcja
    • 9
    • KHW
    • 557720
700 -Hasło dodatkowe - nazwa osobowa [1, ]
    • a
    • Nazwa osobowa (NP)
    • Herod, Paweł. Find
    • e
    • Określenie rodzaju współpracy
    • Redakcja
    • 9
    • KHW
    • 557719
710 -Hasło dodatkowe - nazwa ciała zbiorowego [2, ]
    • a
    • Nazwa ciała zbiorowego lub nazwa geograficzna jako pierwszy element (NP)
    • Akademia "Ignatianum" (Kraków).
    • b
    • Nazwa jednostki podrzędnej (P)
    • Wydawnictwo.
    • e
    • Rodzaj współpracy
    • Wydawca
    • 4
    • Kod relacji
    • pbl
    • 9
    • KHW
    • 457831
710 -Hasło dodatkowe - nazwa ciała zbiorowego [2, ]
    • a
    • Nazwa ciała zbiorowego lub nazwa geograficzna jako pierwszy element (NP)
    • Wydawnictwo WAM (Kraków).
    • e
    • Rodzaj współpracy
    • Wydawca
    • 4
    • Kod relacji
    • pbl
    • 9
    • KHW
    • 52865
920 -ISBN [ , ]
    • a
    • ISBN
    • 978-83-7614-301-9 Find
    • q
    • Dopowiedzenie
    • AIK
920 -ISBN [ , ]
    • a
    • ISBN
    • 978-83-277-1336-0 Find
    • q
    • Dopowiedzenie
    • WAM
Data inwentaryzacji Lokalizacja Status udost. Numer inwentarzowy
2020-10-12BG1Z.124433
2020-10-12BG-3WM.25525
2021-01-15BG-3WM.25808